全国地州市-洋葱圈挑战 - Statistics

General Stats
  • This quiz has been taken 47 times
  • The average score is 203 of 322
Answers on the Map
Answers color-coded by a green-red scale on the quiz's map according to % correct below.
 
Answer Stats
地州市 % Correct
丹东
100%
大连
96%
营口
96%
盘锦
96%
锦州
92%
葫芦岛
92%
秦皇岛
92%
唐山
92%
天津
92%
沧州
88%
滨州
88%
东营
88%
潍坊
88%
烟台
88%
威海
88%
青岛
88%
日照
88%
连云港
88%
盐城
88%
南通
88%
上海
88%
嘉兴
88%
宁波
88%
台州
88%
温州
88%
宁德
85%
福州
85%
莆田
85%
泉州
85%
厦门
85%
漳州
85%
汕头
85%
揭阳
85%
汕尾
85%
潮州
81%
惠州
81%
深圳
81%
香港
81%
东莞
81%
广州
81%
中山
81%
珠海
81%
澳门
81%
江门
81%
阳江
81%
茂名
81%
湛江
81%
北海
81%
防城港
81%
百色
81%
文山
81%
红河
81%
普洱
81%
西双版纳
81%
德宏
81%
怒江
81%
林芝
81%
山南
81%
日喀则
81%
阿里
81%
和田
81%
喀什
81%
伊犁
81%
延边
81%
通化
81%
辽阳
81%
鞍山
81%
沈阳
81%
朝阳
81%
承德
81%
北京
81%
廊坊
81%
保定
81%
衡水
81%
济南
81%
淄博
81%
临沂
81%
淮安
81%
扬州
81%
苏州
81%
钦州
77%
崇左
77%
临沧
77%
保山
77%
克孜勒苏
77%
阿克苏
77%
博尔塔拉
77%
塔城
77%
阿勒泰
77%
昌吉
77%
哈密
77%
酒泉
77%
阿拉善
77%
锡林郭勒
77%
兴安
77%
呼伦贝尔
77%
大兴安岭
77%
黑河
77%
伊春
77%
鹤岗
77%
佳木斯
77%
双鸭山
77%
鸡西
77%
牡丹江
77%
白山
77%
本溪
77%
阜新
77%
德州
77%
徐州
77%
宿迁
77%
泰州
77%
湖州
77%
杭州
77%
绍兴
77%
金华
77%
丽水
77%
南平
77%
三明
77%
龙岩
77%
梅州
77%
河源
77%
巴彦淖尔
73%
包头
73%
乌兰察布
73%
韶关
73%
清远
73%
佛山
73%
云浮
73%
梧州
73%
玉林
73%
南宁
73%
黔南
73%
黔西南
73%
可克达拉
69%
贵港
69%
河池
69%
昆明
69%
玉溪
69%
楚雄
69%
大理
69%
丽江
69%
迪庆
69%
昌都
69%
那曲
69%
拉萨
69%
巴音郭楞
69%
乌鲁木齐
69%
吐鲁番
69%
海西
69%
曲靖
65%
张掖
65%
嘉峪关
65%
金昌
65%
中卫
65%
银川
65%
石嘴山
65%
乌海
65%
呼和浩特
65%
朔州
65%
大同
65%
张家口
65%
忻州
65%
石家庄
65%
邢台
65%
泰安
65%
武威
62%
白银
62%
吴忠
62%
鄂尔多斯
62%
聊城
62%
济宁
62%
枣庄
62%
菏泽
62%
宿州
62%
滁州
58%
南京
58%
镇江
58%
常州
58%
无锡
58%
宣城
58%
黄山
58%
衢州
58%
上饶
58%
鹰潭
58%
抚州
58%
赣州
58%
郴州
58%
永州
58%
贺州
58%
黔东南
58%
贵阳
58%
安顺
58%
六盘水
58%
凉山
58%
攀枝花
58%
甘孜
58%
玉树
58%
兰州
58%
平凉
58%
五家渠
54%
肇庆
54%
桂林
54%
来宾
54%
遵义
54%
昭通
54%
果洛
54%
海南
54%
海北
54%
海东
54%
定西
54%
固原
54%
庆阳
54%
淮北
50%
蚌埠
50%
柳州
50%
毕节
50%
榆林
50%
吕梁
50%
太原
50%
阳泉
50%
晋中
50%
邯郸
50%
濮阳
50%
新乡
50%
开封
50%
商丘
50%
合肥
50%
马鞍山
50%
芜湖
50%
池州
50%
景德镇
50%
九江
50%
南昌
50%
宜春
50%
吉安
50%
白杨
46%
亳州
46%
淮南
46%
株洲
46%
衡阳
46%
邵阳
46%
怀化
46%
铜仁
46%
重庆
46%
泸州
46%
宜宾
46%
乐山
46%
雅安
42%
阿坝
42%
甘南
42%
黄南
42%
临夏
42%
陇南
42%
天水
42%
宝鸡
42%
咸阳
42%
延安
42%
临汾
42%
长治
42%
安阳
42%
鹤壁
42%
晋城
42%
焦作
42%
郑州
42%
许昌
42%
周口
42%
阜阳
42%
六安
42%
安庆
42%
铜陵
42%
黄冈
42%
黄石
42%
咸宁
42%
岳阳
42%
长沙
42%
萍乡
42%
湘潭
42%
娄底
42%
益阳
42%
常德
42%
张家界
42%
湘西
42%
恩施
42%
神农架
42%
十堰
42%
安康
42%
达州
42%
广安
42%
遂宁
42%
资阳
42%
内江
42%
自贡
42%
眉山
42%
成都
42%
德阳
38%
绵阳
38%
广元
38%
汉中
38%
西安
38%
渭南
38%
铜川
38%
运城
38%
济源
38%
洛阳
38%
平顶山
38%
漯河
38%
驻马店
38%
信阳
35%
孝感
35%
武汉
35%
鄂州
35%
荆州
35%
宜昌
35%
襄阳
35%
南阳
35%
商洛
35%
三门峡
35%
随州
35%
荆门
35%
天门
35%
仙桃
35%
潜江
35%
No matching quizzes found
Score Distribution
Percent of People with Each Score
Percentile by Number Answered
Your Score History
You have not taken this quiz